00323pab a2200109 454500008004000000245007900040260000900119300001400128362001200142650002000154773003900174180718b2009 xxu||||| |||| 00| 0 eng d aREPORT on definitional and statistical issues relating to informal economy c2009 ap.157-65. aJan-Mar aInformal sector aIndian Journal of Labour Economics